Ways of health : (Record no. 2680)
[ view plain ]
| 000 -LEADER | |
|---|---|
| fixed length control field | 00766cam a2200241 i 4500 |
| 001 - CONTROL NUMBER | |
| control field | 2264109 |
| 005 - DATE AND TIME OF LATEST TRANSACTION | |
| control field | 20250118153439.0 |
| 008 - FIXED-LENGTH DATA ELEMENTS--GENERAL INFORMATION | |
| fixed length control field | 781012s1979 nyua b 000 0 eng |
| 020 ## - INTERNATIONAL STANDARD BOOK NUMBER | |
| International Standard Book Number | 0151953082 : |
| Terms of availability | $12.95. |
| International Standard Book Number | 015694992X |
| Terms of availability | $7.50 |
| 050 00 - LIBRARY OF CONGRESS CALL NUMBER | |
| Classification number | R723 |
| Item number | .W34 |
| 082 00 - DEWEY DECIMAL CLASSIFICATION NUMBER | |
| Classification number | 610/.9 |
| 245 00 - TITLE STATEMENT | |
| Title | Ways of health : |
| Remainder of title | holistic approaches to ancient and contemporary medicine / |
| Statement of responsibility, etc. | edited by David S. Sobel. |
| 250 ## - EDITION STATEMENT | |
| Edition statement | 1st ed. |
| 260 ## - PUBLICATION, DISTRIBUTION, ETC. | |
| Place of publication, distribution, etc. | New York : |
| Name of publisher, distributor, etc. | Harcourt Brace Jovanovich, |
| Date of publication, distribution, etc. | c1979. |
| 300 ## - PHYSICAL DESCRIPTION | |
| Extent | xiii, 497 p. : |
| Other physical details | ill. ; |
| Dimensions | 21 cm. |
| 650 #0 - SUBJECT ADDED ENTRY--TOPICAL TERM | |
| Topical term or geographic name entry element | Medicine |
| General subdivision | Philosophy. |
| 650 #0 - SUBJECT ADDED ENTRY--TOPICAL TERM | |
| Topical term or geographic name entry element | Medicine, Ancient. |
| 650 #0 - SUBJECT ADDED ENTRY--TOPICAL TERM | |
| Topical term or geographic name entry element | Alternative medicine. |
| 650 #0 - SUBJECT ADDED ENTRY--TOPICAL TERM | |
| Topical term or geographic name entry element | Health. |
| 650 #0 - SUBJECT ADDED ENTRY--TOPICAL TERM | |
| Topical term or geographic name entry element | Mind and body. |
| 700 1# - ADDED ENTRY--PERSONAL NAME | |
| Personal name | Sobel, David S. |
| Fuller form of name | (David Stuart) |
| 942 ## - ADDED ENTRY ELEMENTS (KOHA) | |
| Source of classification or shelving scheme | Library of Congress Classification |
| Koha item type | Books |
| Edition | 1st ed. |
| Suppress in OPAC | No |
| 999 ## - | |
| -- | 2680 |
| -- | 2680 |
| Withdrawn status | Lost status | Source of classification or shelving scheme | Damaged status | Not for loan | Collection | Home library | Current library | Shelving location | Date acquired | Total checkouts | Full call number | Barcode | Date last seen | Copy number | Price effective from | Koha item type |
|---|---|---|---|---|---|---|---|---|---|---|---|---|---|---|---|---|
| Library of Congress Classification | Non-fiction | Science Library (Miotso) | Science Library (Miotso) | General stacks | 01/18/2025 | R723 .W34 WAY | SLM00002035 | 01/18/2025 | 1 | 01/18/2025 | Books |